000 00420nam a2200181Ia 4500
001 19250
005 20260306171730.0
008 260306s9999||||xx |||||||||||||| ||und||
041 _aESP
082 _a658.812
_bK97
100 _aKüster Boluda, Inés
_eAUT
245 0 _aLa venta relacional
260 _c2002
300 _a215 páginas :
_c24 cm.
650 _aGEN
654 _aCAN
942 _cLIB
_dJUS
_fJUS
_2ddc
_n
999 _c19250
_d19250